| 000 | 01250nam a22003497a 4500 | ||
|---|---|---|---|
| 001 | 699 | ||
| 005 | 20230630144440.0 | ||
| 008 | 230630b cb ||||| |||| 00| 0 eng d | ||
| 020 | _a1416911596 | ||
| 020 | _a9781416911593 | ||
| 040 |
_aDLC _cDLC _dIG# _dBAKER _dBTCTA _dLF8 _dEHH _dDLC _beng |
||
| 050 | 0 | 0 |
_aPZ7.H1164 _bDex 2007 |
| 082 | 0 | 0 |
_a[Fic] _222 |
| 100 | 1 | _aHaddix, Margaret Peterson. | |
| 245 | 1 | 0 |
_aDexter the tough / _cMargaret Peterson Haddix ; illustrated by Mark Elliott. |
| 250 | _aFirst Scholastic printing, September 2010. | ||
| 260 |
_aNew York : _bScholastic. _c2010. |
||
| 300 |
_a141 pages : _billustrations ; _c20 cm. |
||
| 505 | _aR | ||
| 520 | _aA sympathetic teacher and her writing assignment help fourth-grader Dexter deal with being the new kid in school after he punches a kid on the first day. | ||
| 521 |
_a690
_bLexile |
||
| 521 |
_aR
_bRaz-Plus |
||
| 650 | 0 |
_aFriendship _vJuvenile fiction. |
|
| 650 | 0 |
_aAuthorship _vJuvenile fiction. |
|
| 650 | 0 |
_aSchools _vJuvenile fiction. |
|
| 650 | 1 |
_aFriendship _vFiction. |
|
| 650 | 1 |
_aAuthorship _vFiction. |
|
| 650 | 1 |
_aSchools _vFiction. |
|
| 700 | 1 |
_aElliott, Mark, _d1967- |
|
| 906 |
_a7 _bcbc _corignew _d1 _eecip _f20 _gy-gencatlg |
||
| 942 |
_2ddc _cBK _n0 |
||
| 999 |
_c699 _d699 |
||